000 03742nab a2200301 i 4500
003 BR-BrBNA
005 20230915095312.0
008 230620b2019 bl.ar|pooa||| 00| 0 eng |
040 _aBR-BrBNA
_beng
072 _aF02
_b3300
072 _aF62
_b2790
100 _aMohamed, N.
100 _aTaha, R.M.
100 _aRazak, U.N.A.A.
245 _aMicropropagation and cellular behaviour changes during in vitro flowering of Impatiens balsamina
500 _aPublicação on-line; 30 ref.; 7 tables; 2 illus.; Summaries (En, Pt)
520 _a ABSTRACT - In this study, the micropropagation of Impatiens balsamina was established from stem and shoot explants. The effects of GA3 and glutathione on the morphogenesis of this species were also investigated, in order to induce in vitro flowering. It was found that the optimum in vitro plant regeneration was achieved on MS medium supplemented with 1.0 mg L-1 GA3 and in vitro flowering was also obtained from the same medium after 4 weeks of culture. To understand cellular behavior during in vitro flowering, Mitotic Index (MI), chromosome counts, measurement of mean cell and nuclear areas, DNA measurements and ploidy levels were analyzed from in vivo plants, in vitro grown plants and plantlets that flowered in vitro. The chromosome count was the same for all, 2x=2n=14 or n=7. However, it was observed that in vitro flowering plants of Impatiens balsamina had the highest percentage of polyploid cells (30.7%), based on a histogram plotted by the AxioVision 4.7 software. It was found that plant growth regulators, especially GA3, increased the polyploidy level of the meristematic root cells. Keywords: regeneration, gibberellic acid, glutathione, flowering response, cellular behavior and acclimatization.
520 _a RESUMO - Neste estudo, a micropropagação de Impatiens balsamina foi estabelecida a partir de explantes de caule e parte aérea. Os efeitos do GA3 e da glutationa na morfogênese dessa espécie também foram investigados, de modo a induzir o florescimento in vitro. Verificou-se que a melhor regeneração in vitro de plantas foi obtida em meio MS adicionado com 1,0 mg L-1 de GA3 , e o florescimento in vitro também foi obtido a partir do mesmo meio após quatro semanas de cultura. Para entender o comportamento das células durante o florescimento in vitro, o Índice Mitótico (MI), a contagem de cromossomos, a medição da área média de célula e núcleo, as medições de DNA e os níveis de ploidia foram analisados a partir de plantas in vivo, plantas cultivadas in vitro e plântulas que floresceram in vitro. A contagem cromossômica foi a mesma para todos: 2x=2n=14 ou n=7. No entanto, observou-se que as plantas de Impatiens balsamina com florescimento in vitro apresentaram a maior porcentagem de células poliploides (30,7%), com base em um histograma executado pelo software AxioVision 4.7. Verificou-se que os reguladores de crescimento das plantas, especialmente o GA3 , aumentaram o nível de poliploidia das células de raiz meristemáticas. Palavras-chave: regeneração, ácido giberélico, glutationa, resposta de florescimento, comportamento das células e aclimatação.
650 _aREGENERAÇÃO
650 _aFLORAÇÃO
650 _aÁCIDO GIBERÉLICO
650 _aACLIMATAÇÃO
650 _aBEIJO DE FRADE
773 0 _0886
_91816
_dLondrina-PR : Sociedade Brasileira da Ciência das Plantas Daninhas, 1978
_o2023-031023
_tPlanta Daninha (Brazil)
_x0100-8358; 1806-9681 (on-line)
_gv. 37 p. 1-11; (2019)
_wBR2023000436
856 _uhttps://www.scielo.br/j/pd/a/rj7hfjFzRr7Dg6dJVjM74Zc/?format=pdf&lang=en
942 _cAnalítica
999 _c9413
_d9413